रोज़गार सिद्धांत एवं लोक वित्त / (Record no. 118657)
[ view plain ]
| 000 -LEADER | |
|---|---|
| fixed length control field | 01241nam a22002777a 4500 |
| 005 - DATE AND TIME OF LATEST TRANSACTION | |
| control field | 20170124103118.0 |
| 010 ## - LIBRARY OF CONGRESS CONTROL NUMBER | |
| LC control number | A-776415 |
| 020 ## - INTERNATIONAL STANDARD BOOK NUMBER | |
| Terms of availability | 50.00 |
| 035 ## - SYSTEM CONTROL NUMBER | |
| System control number | A-776415 |
| 037 ## - SOURCE OF ACQUISITION | |
| Source of stock number/acquisition | Cen Lib/Ret |
| 040 ## - CATALOGING SOURCE | |
| Original cataloging agency | DPL |
| Language of cataloging | HN |
| 082 ## - DEWEY DECIMAL CLASSIFICATION NUMBER | |
| Classification number | 330 |
| Item number | टंडन |
| 100 ## - MAIN ENTRY--PERSONAL NAME | |
| Personal name | टंडन, एल. |
| 9 (RLIN) | 14217 |
| 245 ## - TITLE STATEMENT | |
| Title | रोज़गार सिद्धांत एवं लोक वित्त / |
| Statement of responsibility, etc | एल. टंडन, अशोक कुमार [एवं] विश्वनाथ |
| 246 ## - VARYING FORM OF TITLE | |
| Title proper/short title | Rozgaar siddhant evam lok vitta / |
| Remainder of title | by L. Tondon, Ashok Kumar [evam] Vishvnath |
| 260 ## - PUBLICATION, DISTRIBUTION, ETC. (IMPRINT) | |
| Place of publication, distribution, etc | मुज़फ्फरनगर |
| Name of publisher, distributor, etc | जयश्री प्रकाशन |
| Date of publication, distribution, etc | 1995 |
| 270 ## - ADDRESS | |
| City | मुज़फ्फरनगर |
| Address | 86 बी. नयी मंमंडी |
| 300 ## - PHYSICAL DESCRIPTION | |
| Extent | 248पृ. |
| Dimensions | 20सेमी(सजिल्द ) |
| 650 ## - SUBJECT ADDED ENTRY--TOPICAL TERM | |
| Topical term or geographic name as entry element | बेरोज़गारी |
| General subdivision | |
| Geographic subdivision | |
| 9 (RLIN) | 81328 |
| 650 ## - SUBJECT ADDED ENTRY--TOPICAL TERM | |
| Topical term or geographic name as entry element | वित्तीय प्रशासन--भारत |
| 9 (RLIN) | 81329 |
| 650 ## - SUBJECT ADDED ENTRY--TOPICAL TERM | |
| Topical term or geographic name as entry element | Unemployment |
| 9 (RLIN) | 39590 |
| 650 ## - SUBJECT ADDED ENTRY--TOPICAL TERM | |
| Topical term or geographic name as entry element | Financial Administration - India |
| 9 (RLIN) | 81330 |
| 700 ## - ADDED ENTRY--PERSONAL NAME | |
| Personal name | कुमार, अशोक |
| 9 (RLIN) | 81331 |
| 700 ## - ADDED ENTRY--PERSONAL NAME | |
| Personal name | विश्वनाथ |
| 9 (RLIN) | 81332 |
| 942 ## - ADDED ENTRY ELEMENTS (KOHA) | |
| Source of classification or shelving scheme | Dewey Decimal Classification |
| Koha item type | Hindi Books |
| Classification part | 33० |
| Call number suffix | टंडन |
| Withdrawn status | Lost status | Damaged status | Not for loan | Home library | Current library | Date acquired | Source of acquisition | Cost, normal purchase price | Total Checkouts | Full call number | Barcode | Date last seen | Copy number | Cost, replacement price | Price effective from | Koha item type |
|---|---|---|---|---|---|---|---|---|---|---|---|---|---|---|---|---|
| Central Library | Central Library | 12/09/2015 | Cen Lib/Ref | 50.00 | 330 टंडन | A-776415 | 12/09/2015 | 1 | 50.00 | 12/09/2015 | Hindi Books |
